Catálogo
 En Linea

Señalética : (Registro nro. 34986)

Detalles MARC
000 -CABECERA
campo de control de longitud fija 00588nam a2200193 a 4500
001 - NÚMERO DE CONTROL
campo de control 000035495
005 - FECHA Y HORA DE LA ÚLTIMA TRANSACCIÓN
campo de control 20200930074402.0
008 - DATOS DE LONGITUD FIJA--INFORMACIÓN GENERAL
campo de control de longitud fija 111102s1987 sp a 000 0 spa d
020 ## - NÚMERO INTERNACIONAL ESTÁNDAR DEL LIBRO
Número Internacional Estándar del Libro 8432956120
040 ## - FUENTE DE LA CATALOGACIÓN
Centro catalogador/agencia de origen DO-SdBNP
Lengua de catalogación spa
Centro/agencia transcriptor BNPHU
082 ## - NÚMERO DE LA CLASIFICACIÓN DECIMAL DEWEY
Número de clasificación xxxx
Número de documento/Ítem C837s, 1989
100 1# - ENTRADA PRINCIPAL--NOMBRE DE PERSONA
Nombre de persona Costa, Joan
9 (RLIN) 61368
245 10 - MENCIÓN DE TÍTULO
Título Señalética :
Resto del título de la señalización al diseño de programa /
Mención de responsabilidad, etc. Joan Costa.
250 ## - MENCIÓN DE EDICIÓN
Mención de edición 2a ed.
260 ## - PUBLICACIÓN, DISTRIBUCIÓN, ETC.
Lugar de publicación, distribución, etc. Barcelona :
Nombre del editor, distribuidor, etc. Ediciones Ceac,
Fecha de publicación, distribución, etc. 1987.
300 ## - DESCRIPCIÓN FÍSICA
Extensión 256 p. :
Otras características físicas ils. ;
Dimensiones 26 cm.
490 1# - MENCIÓN DE SERIE
Mención de serie Enciclopedia del diseño
830 #0 - PUNTO DE ACCESO ADICIONAL DE SERIE-TÍTULO UNIFORME
Título uniforme Enciclopedia del diseño
9 (RLIN) 61369
Existencias
Estado de retiro Estado de pérdida Restricciones de uso No para préstamo Código de colección Localización permanente Ubicación/localización actual Ubicación en estantería Fecha de adquisición Número de inventario Total de préstamos Signatura topográfica completa Código de barras Fecha visto por última vez Precio válido a partir de Tipo de ítem Koha
      Excluido de préstamo Monografías: Libros y Folletos General General En catalogación 02.11.2011 LF1   xxxx C837s, 1989 35495-10 25.06.2020 25.06.2020 No se presta

Con tecnología Koha